|
|
|
|
| LEADER |
00000nab a2200000 a 4500 |
| 001 |
vtls009524703 |
| 003 |
SK-MaSNL |
| 005 |
20260426085048.0 |
| 008 |
250506c2009 xo |||||||||||000 b|slo |
| 015 |
|
|
|a SNBRB2009/06
|2 snkbucl
|
| 035 |
|
|
|a (uuid)860657be-343c-4722-82e8-6318e534ec9e
|
| 035 |
|
|
|a urn:nbn:sk:snk-ab3183
|
| 035 |
|
|
|a (urnnbn)urn:nbn:sk:snk:ar-a04j01
|
| 038 |
|
|
|a SNKBUCL
|
| 040 |
|
|
|a SNKBUCL
|b slo
|c SNKBUCL
|e AACR2
|
| 041 |
0 |
|
|a slo
|
| 044 |
|
|
|a xo
|c SK
|
| 080 |
|
|
|a 656:004.89
|x (437.6)
|2 2001
|
| 080 |
|
|
|a 656:004.6
|2 2001
|
| 080 |
|
|
|a 656:004
|2 2001
|
| 100 |
1 |
|
|a Zemiaková, Mária
|4 aut
|9 1475897
|
| 245 |
1 |
0 |
|a Inteligentné dopravné systémy na Slovensku pod legislatívnym drobnohľadom
|c Mária Zemiaková
|
| 650 |
0 |
7 |
|a inteligentné dopravné systémy
|2 SNKPH
|9 58418
|
| 650 |
0 |
7 |
|a dopravné informácie
|2 snkbucl
|9 835912
|
| 650 |
0 |
7 |
|a dopravná telematika
|2 snkbucl
|9 28637
|
| 651 |
|
7 |
|a Slovensko
|2 snkbucl
|9 14231
|
| 773 |
0 |
|
|t Horizonty dopravy
|g Roč. XVII, č. 1 (2009), s. 35-36
|x 1210-0978
|
| 850 |
|
|
|a Slovenská národná knižnica
|
| 852 |
|
|
|a Slovenská národná knižnica
|
| 954 |
|
|
|a odborná, vedecká literatúra pôvodná (slovenská)
|2 lita
|
| 958 |
|
|
|a article27
|
| 958 |
|
|
|a OND
|
| 958 |
|
|
|a SK
|
| 958 |
|
|
|a EUIPO
|
| 999 |
|
|
|c 2952321
|d 2954251
|